|
|
|
|
| LEADER |
00573nam a22001691a 4500 |
| 020 |
|
|
|a 9788170462118
|c 0.00
|
| 040 |
|
|
|a SSUS - Library - Kalady
|
| 082 |
|
|
|a E301 MAH/INT
|b P04
|
| 100 |
|
|
|a Mahasweta Devi
|
| 245 |
|
|
|a In the name of the mother
|h [Text]
|
| 260 |
|
|
|a Calcutta
|b Seagull
|c 2004
|
| 300 |
|
|
|a 80p.
|
| 600 |
|
|
|a Stories English
|
| 852 |
|
|
|h E301 MAH/INT
|i P04
|p 056063
|9 275.00
|t 0
|
| 942 |
|
|
|c BK
|
| 999 |
|
|
|c 19257
|d 19257
|
| 952 |
|
|
|0 0
|1 0
|4 0
|6 E_301_000000000000000_MAH_INT_P04
|7 0
|9 27128
|a SSUS
|b SSUS
|d 2015-01-08
|g 275.00
|o E301 MAH/INT P04
|p 056063
|r 2015-01-08
|v 0.00
|w 2015-01-08
|y BK
|